Normal view MARC view
  • Powlison,D.

Entry Personal Name

Number of records used in: 1

001 - CONTROL NUMBER

  • control field: 5944

003 - CONTROL NUMBER IDENTIFIER

  • control field: OSt

005 - DATE AND TIME OF LATEST TRANSACTION

  • control field: 20180208111349.0

008 - FIXED-LENGTH DATA ELEMENTS

  • fixed length control field: 180208|| aca||aabn | a|a d

040 ## - CATALOGING SOURCE

  • Original cataloging agency: OSt
  • Transcribing agency: OSt

100 ## - HEADING--PERSONAL NAME

  • Personal name: Powlison,D.

670 ## - SOURCE DATA FOUND

  • Source citation: Work cat.: (OSt): Powlison,D., Facing Death with Hope, 2008

Powered by Koha